Indovina la canzone di Marracash senza indizi #3 - Statistics

Statistiche generali
  • Questo quiz è stato fatto 58 volte
  • Il punteggio medio è 161 su 464
Statistiche sulle risposte
Risposta % Corretto
i
96%
I
96%
A
92%
a
92%
le
88%
o
88%
è
86%
e
86%
la
86%
La
86%
se
86%
Se
86%
No
84%
per
78%
in
76%
mi
76%
Mi
76%
te
76%
di
73%
io
73%
su
71%
un
71%
con
69%
gli
69%
Si
69%
si
69%
che
67%
fa
67%
non
67%
Non
67%
da
65%
mia
63%
una
63%
Una
63%
me
61%
il
59%
Il
59%
del
55%
Pi
53%
sono
53%
ha
51%
ho
51%
Ho
51%
come
47%
Come
47%
tua
45%
tuo
45%
fare
43%
Fare
43%
uno
43%
can
41%
c'è
41%
hai
41%
mio
41%
va
41%
Voi
41%
Più
39%
più
39%
tutto
37%
vita
37%
all
35%
Marra
35%
perché
35%
quello
33%
questo
33%
abbiamo
29%
Man
29%
strada
29%
alla
27%
cantante
27%
casa
27%
Levante
27%
sai
27%
Solo
27%
trecento
27%
Dalla
24%
ed
24%
Era
24%
era
24%
hanno
24%
Mase
24%
Oggi
24%
sempre
24%
sta
24%
tipa
24%
cash
22%
eat
22%
giù
22%
nei
22%
occhi
22%
Senza
22%
senza
22%
sport
22%
tuoi
22%
tutti
22%
Yo
22%
you
22%
bro
20%
cane
20%
ciò
20%
Così
20%
ero
20%
nel
20%
Torno
20%
via
20%
voglio
20%
amici
18%
Bitch
18%
bitch
18%
essere
18%
fear
18%
Marmorizzato
18%
Tiro
18%
tiro
18%
unghie
18%
Verdi
18%
verdi
18%
zip
18%
abbaia
16%
beef
16%
carne
16%
davanti
16%
frate
16%
greco
16%
molto
16%
Ogni
16%
sembro
16%
sti
16%
trionfante
16%
vale
16%
alziamo
14%
biglietti
14%
bravi
14%
calici
14%
collanina
14%
collanone
14%
Due
14%
fatality
14%
King
14%
mare
14%
monnezza
14%
neanche
14%
ragazzi
14%
sinfonia
14%
tempo
14%
tue
14%
vicino
14%
video
14%
zona
14%
2x
12%
Adidas
12%
agente
12%
aspettassi
12%
camionetta
12%
disco
12%
Dopo
12%
Eurovision
12%
fanculo
12%
Gal
12%
gioco
12%
Gran
12%
maneschi
12%
Maneskin
12%
mettere
12%
Mezzo
12%
palo
12%
Piazza
12%
piazza
12%
portato
12%
profezia
12%
psicanalizzo
12%
rappo
12%
Simon
12%
sotto
12%
sudato
12%
young
12%
accappatoio
10%
addosso
10%
Barcollante
10%
battuto
10%
brezza
10%
bugie
10%
care
10%
ciglio
10%
Compro
10%
dentro
10%
denunciato
10%
diversi
10%
don't
10%
fermo
10%
Fuck
10%
gente
10%
GOAT
10%
Island
10%
Jersey
10%
litigio
10%
New
10%
of
10%
parte
10%
rima
10%
rimpiazzabile
10%
sembra
10%
signorile
10%
size
10%
Superman
10%
Tesla
10%
violenza
10%
Wonder
10%
Zoticone
10%
beat
8%
business
8%
Businessman
8%
cricca
8%
Dammi
8%
dammi
8%
dissing
8%
facile
8%
feat
8%
figlia
8%
firma
8%
Flow
8%
flow
8%
Gadot
8%
impara
8%
Iron
8%
Jung
8%
Kjær
8%
maestro
8%
memorabile
8%
Nike
8%
paghi
8%
patrimonio
8%
plan
8%
protezione
8%
sconfitta
8%
song
8%
stile
8%
streammata
8%
stremata
8%
testi
8%
traccio
8%
trasformato
8%
tronfio
8%
veleno
8%
venerabile
8%
Woman
8%
baldanza
6%
boss
6%
busy
6%
chilometro
6%
Finché
6%
fino
6%
fornello
6%
francobollo
6%
l'AK
6%
L'erba
6%
lezione
6%
lyrics
6%
manicomio
6%
memerabile
6%
metro
6%
nuovo
6%
pali
6%
penna
6%
petrolio
6%
proiettili
6%
rabbia
6%
rimbalzano
6%
rispettabile
6%
rispettato
6%
ritornello
6%
Salto
6%
Scendo
6%
scherza
6%
stregata
6%
supera
6%
tornello
6%
track
6%
Type
6%
type
6%
un'altra
6%
virgola
6%
Yeezy
6%
zero
6%
zopiclone
6%
acceso
4%
Buco
4%
direttamente
4%
duce
4%
Eroe
4%
foglio
4%
Pandemia
4%
pandemonio
4%
sfrenata
4%
sfrigola
4%
all'infinito
2%
beats
2%
crossova
2%
dell'Essi
2%
merce
2%
Money
2%
money
2%
palazzo
2%
Piego
2%
PIL
2%
portafoglio
2%
prendevo
2%
sopra
2%
supremo
2%
Cersei
0%
goccia
0%
ripreso
0%
stremo
0%
Nessun quiz corrispondente trovato
Distribuzione punteggi
Percentuale di utenti per punteggio
Percentile per numero di risposta
I tuoi punteggi nel tempo
Non hai fatto questo quiz